Intercambio con Japón (Registro nro. 28750)

Detalles MARC
000 -LEADER
fixed length control field 00307 a2200109 4500
001 - CONTROL NUMBER
control field ART_23948
005 - DATE AND TIME OF LATEST TRANSACTION
control field 20260410161933.0
008 - FIXED-LENGTH DATA ELEMENTS--GENERAL INFORMATION
fixed length control field 260409a
100 1# - MAIN ENTRY--PERSONAL NAME
Personal name Vidal Serin, Antonio
245 10 - TITLE STATEMENT
Title Intercambio con Japón
773 0# - HOST ITEM ENTRY
Title Informe
Related parts - Año VIII, Nº 46 (ene./mar. 1976)
Record control number REV23765

No hay ítems disponibles.